000 00712nam a22002177a 4500
003 DEla salle
005 20140310183014.0
008 130212t xxu||||| |||| 00| 0 eng d
020 _a9715470424
050 _aHN 49 C6
_bC3 1994
082 _aHN 49 C6
_bC3 1994
100 _aCadiz, Maria Celeste Habito
245 _aCommunication and participatory development :
_ba review of concepts, approaches and lessons /
_cMaria Celeste Habito-Cadiz
260 _aLaguna :
_bCA Publications Program, University of the Philippines Los Banos,
_c1994.
300 _axiv, 50 p. :
_c23 cm.
521 _aMC
650 _aCommunication Development
942 _2lcc
_cBK
_kLOC
999 _c18284
_d18284